El más solemne mentis a D. Aurelio Fernández o Fernández Guerra / (Record no. 49232)

MARC details
000 -LEADER
campo de control de longitud fija 00649nam a2200193 i 4500
001 - NÚMERO DE CONTROL
campo de control 49232
003 - IDENTIFICADOR DE NÚMERO DE CONTROL
campo de control ES-MaACL
005 - FECHA Y HORA DE LA ÚLTIMA TRANSACCIÓN
campo de control 20230906161917.0
007 - CAMPO FIJO DE DESCRIPCIÓN FÍSICA--INFORMACIÓN GENERAL
campo de control de longitud fija t|
008 - DATOS DE LONGITUD FIJA--INFORMACIÓN GENERAL
campo de control de longitud fija 030711s1839 sp ||||1| spa d
100 1# - ENTRADA PRINCIPAL--NOMBRE DE PERSONA
Nombre de persona Corte y Ruano, Manuel de la.
9 (RLIN) 40836
245 13 - MENCIÓN DEL TÍTULO
Título El más solemne mentis a D. Aurelio Fernández o Fernández Guerra /
Mención de responsabilidad, etc. [Manuel de la Corte y Ruano].
260 ## - PUBLICACIÓN, DISTRIBUCIÓN, ETC.
Lugar de publicación, distribución, etc. Córdoba :
Nombre del editor, distribuidor, etc. [s.n.],
Fecha de publicación, distribución, etc. 1839 (
Fabricante Imp. de Noguer y Manté)
300 ## - DESCRIPCIÓN FÍSICA
Extensión 19 p. ;
Dimensiones 22 cm.
500 ## - NOTA GENERAL
Nota general Fecha en portada 1840.
594 ## - Nota al título y mención de responsabilidad
Nota al título y mención de responsabilidad Autor tomado del final del texto.
600 04 - PUNTO DE ACCESO ADICIONAL DE MATERIA--NOMBRE DE PERSONA
Nombre de persona Fernández-Guerra y Orbe, Aureliano.
9 (RLIN) 49837
852 ## - LOCALIZACIÓN
Ubicación ES-MaACL
Número de control de estantería T-23-F-18
Holdings
Estatus retirado Estado de pérdida Estado de daño No para préstamo Colección Biblioteca de origen Biblioteca actual Ubicación en estantería Fecha de adquisición Fuente de adquisición Total de préstamos Signatura topográfica completa Código de barras Visto por última vez Precio de reemplazo Tipo de ítem Koha
        Colección de folletos Biblioteca del Ateneo de Madrid Biblioteca del Ateneo de Madrid Depósito folletos 17/01/2008     T-23-F-18 1051807 23/02/2023 23/02/2023 Folleto